[Event "South America-ch U20"]
[Site "Guayaquil"]
[Date "2021.11.03"]
[Round "2"]
[White "Sanchez Uriguen, Michael Edinson"]
[Black "Quinde Rizzo, Hugo Josue"]
[Result "1-0"]
[WhiteElo "1933"]
[BlackElo "1515"]
[PlyCount "57"]
[EventDate "2021.11.02"]
[EventType "swiss"]
[EventRounds "9"]
[EventCountry "ECU"]
[SourceTitle "CBM 205 Extra"]
[Source "ChessBase"]
[SourceDate "2022.01.31"]
[SourceVersion "1"]
[SourceVersionDate "2022.01.31"]
[SourceQuality "1"]

1. e4 c5 2. Nc3 Nc6 3. g3 g6 4. Bg2 Bg7 5. d3 e6 6. f4 d6 7. Nf3 Nge7 8. 0-0 0-0 9. Be3 Nd4 10. Rb1 Rb8 11. Ne2 Nxe2+ 12. Qxe2 Qa5 13. a3 b6 14. g4 f5 15. exf5 gxf5 16. Ng5 h6 17. Bd2 Qa4 18. Nxe6 Rf7 19. Nxg7 Rxg7 20. Bc3 Rf7 21. g5 Bb7 22. Rf2 Nd5 23. g6 Rf6 24. Bxf6 Re8 25. Bxd5+ Bxd5 26. Qh5 Re6 27. Qxh6 Rxf6 28. Qh7+ Kf8 29. g7+ 1-0

[Event "ECU-ch U20"]
[Site "Guayaquil"]
[Date "2020.02.22"]
[Round "6"]
[White "Fonseca Medina, Diego"]
[Black "Sanchez Uriguen, Michael Edinson"]
[Result "1/2-1/2"]
[WhiteElo "1627"]
[BlackElo "1963"]
[PlyCount "48"]
[EventDate "2020.02.19"]
[EventType "swiss"]
[EventRounds "9"]
[EventCountry "ECU"]
[SourceTitle "CBM 195 Extra"]
[Source "ChessBase"]
[SourceDate "2020.05.31"]
[SourceVersion "1"]
[SourceVersionDate "2020.05.31"]
[SourceQuality "1"]

1. c4 e5 2. d3 Nf6 3. Nc3 d5 4. cxd5 Nxd5 5. Nf3 Nc6 6. g3 Be7 7. Bg2 Be6 8. 0-0 0-0 9. e3 f5 10. a3 Nb6 11. Qd2 Bf6 12. Rd1 Rf7 13. b4 Rd7 14. e4 g5 15. b5 Na5 16. Rb1 c6 17. exf5 Bxf5 18. Ne1 Rc8 19. Qa2+ Kg7 20. Ne4 cxb5 21. Rxb5 Nc6 22. Nc5 Re7 23. Be3 Nd4 24. Nxb7 Rxb7 1/2-1/2

[Event "South America-ch U20 13th"]
[Site "Manta"]
[Date "2017.04.30"]
[Round "9"]
[White "Sanchez Uriguen, Michael Edinson"]
[Black "Fonseca Medina, Diego"]
[Result "1-0"]
[WhiteElo "1835"]
[BlackElo "1547"]
[PlyCount "45"]
[EventDate "2017.04.25"]
[EventType "swiss"]
[EventRounds "9"]
[EventCountry "ECU"]
[SourceTitle "CBM 178 Extra"]
[Source "ChessBase"]
[SourceDate "2017.06.22"]
[SourceVersion "1"]
[SourceVersionDate "2017.06.22"]
[SourceQuality "1"]

1. e4 d6 2. d4 Nf6 3. Bd3 Nc6 4. c3 g6 5. Ne2 Bg7 6. 0-0 0-0 7. f4 e5 8. d5 Ne7 9. fxe5 dxe5 10. Bg5 Qd6 11. Nd2 h6 12. Nc4 Qa6 13. Be3 b5 14. Nxe5 Nfxd5 15. exd5 Bxe5 16. Bxh6 Qb6+ 17. Kh1 Rd8 18. Bf4 Rxd5 19. Bxe5 Rxe5 20. Nd4 a6 21. Qf3 Bb7 22. Qxf7+ Kh8 23. Rf4 1-0

[Event "South America-ch U20 13th"]
[Site "Manta"]
[Date "2017.04.25"]
[Round "1"]
[White "Sanchez Uriguen, Michael Edinson"]
[Black "Rugel Gonzalez, Maximiliano"]
[Result "1-0"]
[WhiteElo "1835"]
[BlackElo "1055"]
[PlyCount "69"]
[EventDate "2017.04.25"]
[EventType "swiss"]
[EventRounds "9"]
[EventCountry "ECU"]
[SourceTitle "CBM 178 Extra"]
[Source "ChessBase"]
[SourceDate "2017.06.22"]
[SourceVersion "1"]
[SourceVersionDate "2017.06.22"]
[SourceQuality "1"]

1. e4 c5 2. Nc3 d6 3. g3 Nf6 4. Bg2 a6 5. f4 Qc7 6. Nf3 Nc6 7. 0-0 e6 8. d3 Be7 9. h3 0-0 10. g4 b5 11. f5 exf5 12. exf5 b4 13. Ne4 Nxe4 14. dxe4 Bd7 15. g5 Rfe8 16. Qd5 Na5 17. g6 hxg6 18. fxg6 Be6 19. Qh5 fxg6 20. Qxg6 Bf7 21. Qg3 Bf6 22. e5 dxe5 23. Nh2 Qd6 24. Ng4 Qd4+ 25. Be3 Qxb2 26. Nxf6+ Kf8 27. Bxc5+ Re7 28. Nh7+ Ke8 29. Bxe7 Qd4+ 30. Kh1 Kxe7 31. Qxg7 Qc4 32. Bxa8 e4 33. Qf8+ Kd7 34. Rxf7+ Ke6 35. Qe7# 1-0